BUBT Library Online Catalog

সংসদ বাংলা অভিধান (Record no. 4998)

000 -LEADER
fixed length control field 00732nam a2200217Ia 4500
008 - FIXED-LENGTH DATA ELEMENTS--GENERAL INFORMATION
fixed length control field 151213s9999 xx 000 0 und d
020 ## - INTERNATIONAL STANDARD BOOK NUMBER
International Standard Book Number 978-81-86806-92-x
041 ## - LANGUAGE CODE
Language code of original বাংলা
082 ## - DEWEY DECIMAL CLASSIFICATION NUMBER
Classification number 491.444203
Item number 491.444203 শৈলেস
100 ## - MAIN ENTRY--PERSONAL NAME
Personal name সংসদ
110 ## - MAIN ENTRY--CORPORATE NAME
9 (RLIN) 211
Corporate name or jurisdiction name as entry element সাহিত্য সংসদ
245 ## - TITLE STATEMENT
Title সংসদ বাংলা অভিধান
Statement of responsibility, etc. সংসদ
260 ## - PUBLICATION, DISTRIBUTION, ETC. (IMPRINT)
Place of publication, distribution, etc. কলকাতা
Name of publisher, distributor, etc. সাহিত্য সংসদ
Date of publication, distribution, etc. 2000
300 ## - PHYSICAL DESCRIPTION
Extent [7], 680p.+7:
Dimensions 22cm.
610 #0 - SUBJECT ADDED ENTRY--CORPORATE NAME
9 (RLIN) 212
Corporate name or jurisdiction name as entry element সাহিত্য সংসদ
650 ## - SUBJECT ADDED ENTRY--TOPICAL TERM
Topical term or geographic name as entry element Dictionary
650 ## - SUBJECT ADDED ENTRY--TOPICAL TERM
Topical term or geographic name as entry element Reference
700 ## - ADDED ENTRY--PERSONAL NAME
Personal name বিশ্বাস, শৈলেন্দ্র
9 (RLIN) 213
942 ## - ADDED ENTRY ELEMENTS (KOHA)
Source of classification or shelving scheme
Koha item type Reference
Holdings
Withdrawn status Lost status Source of classification or shelving scheme Damaged status Not for loan Collection code Permanent location Current location Shelving location Date acquired Inventory number Total Checkouts Full call number Barcode Date last seen Copy number Price effective from
        Not For Loan Reference Bangladesh University of Business and Technology Library Bangladesh University of Business and Technology Library Reference 12/15/2015 2512   491.444203 491.444203 শৈলেস bubt-20032512 12/15/2015 C1 12/15/2015

More Information About Library

Library Hours

  • Open: 9.00 am. to 9.00 pm.
  • Only Sunday: 9.00 am. to 6.00 pm.
  • Closed: Holiday

Contact to the University

Bangladesh University of Business and Technology Library

  • Mirpurl-2, 1216.
  • Phone:
  • Fax:
  • E-Mail: admin.library@bubt.edu.bd

Contact to the Library

Contact Person:

Md. Abdul Hakim Shah
Joint Librarian
PABX No:  113
Cell No: 01816332931
E-mail: official: admin.library@bubt.edu.bd
Personal: hakim.shah@bubt.edu.bd


BUBT Library

Copyright © 2021